000 00761nam a22002057a 4500
999 _c20454
_d20454
003 AR-CdUCM
008 190530b ||||| |||| 00| 0 spa d
040 _aMUNICIPALIDAD PROVINCIAL DEL CUSCO
_cBIBLIOTECA MUNICIPAL DEL CUSCO
082 _a615.85 /
_bK92
100 _aKuhne, Luis
_942769
245 _aLa nueva ciencia de curar /
260 _aBuenos Aires :
_bCénit,
_bDescartes,
_c1955.
300 _a187 páginas ;
_c24 cm.
505 _aContenido : Apertura de mi establecimiento -- Revista breve de mis descubrimientos -- Ciencia de la expresión del rostro. Alteraciones de las formas por la enfermedad...
650 _aArte de Curar
_942770
650 _aEnfermedades
_95611
650 _aAfecciones
_942771
942 _2ddc
_cLIBROS
945 _aandy